| 000 | 00664nam a22001697a 4500 | ||
|---|---|---|---|
| 999 |
_c57823 _d57823 |
||
| 005 | 20201222134110.0 | ||
| 008 | 201222c2020 ge ||||| |||| 00| 0 geo d | ||
| 022 | _a1512357X | ||
| 041 | _ageo | ||
| 245 |
_aბიზნესი და მენეჯმენტი : _b2020 / _cმთავ. რედაქტორი თემურ იობაშვილი. |
||
| 300 |
_a60 გვ. _bილ. _c30 სმ. |
||
| 653 | _aბიზნესი | ||
| 653 | _aეკონომიკა | ||
| 653 | _aპერიოდიკა | ||
| 700 |
_aიობაშვილი, თემურ _eმთავ. რედაქტორი _99945 |
||
| 942 |
_2udc _cCR |
||